000 00372cam a2200157ua 4500
041 _aeng
_h
082 _a320.1
_bCHA/IN
100 _aChagla, M C .
245 _aIndividual and State /
_cM C Chagla.
_hTextual Documents
250 _a1 /
_b.
260 _a :
_bAsia Publishing House ,
_c1961.
300 _a129 ; .
504 _a
942 _cBK
999 _c3286
_d3286